[Event "TUN-chT U16"]
[Site "Kelibia"]
[Date "2021.11.03"]
[Round "2.3"]
[White "Abdallah, Mohamed Khalil"]
[Black "El Ghozzi, Ahmed"]
[Result "1-0"]
[WhiteElo "1200"]
[BlackElo "1296"]
[PlyCount "117"]
[EventDate "2021.11.03"]
[EventType "team-tourn"]
[EventRounds "10"]
[EventCountry "TUN"]
[SourceTitle "CBM 205 Extra"]
[Source "ChessBase"]
[SourceDate "2022.01.31"]
[SourceVersion "1"]
[SourceVersionDate "2022.01.31"]
[SourceQuality "1"]
[WhiteTeam "Bouhjar"]
[BlackTeam "Kelibia"]
[WhiteTeamCountry "TUN"]
[BlackTeamCountry "TUN"]

1. d4 Nf6 2. Nf3 g6 3. e3 Bg7 4. Be2 d5 5. c4 c6 6. Nc3 0-0 7. 0-0 Bf5 8. b3 Nbd7 9. Bb2 Re8 10. Bd3 Be4 11. cxd5 cxd5 12. Bxe4 dxe4 13. Nd2 e5 14. dxe5 Nxe5 15. Ndxe4 Qc7 16. Nxf6+ Bxf6 17. Nd5 Qd6 18. Nxf6+ Qxf6 19. Qe2 Qf5 20. Bxe5 Rxe5 21. Qf3 Qxf3 22. gxf3 Rd8 23. Rad1 Red5 24. Rxd5 Rxd5 25. Rc1 Ra5 26. a4 Ra6 27. Kf1 Rb6 28. Rb1 Rb4 29. f4 b5 30. a5 Re4 31. Ke2 Re6 32. Rd1 Ra6 33. Ra1 Rc6 34. Kd3 b4 35. Kd4 Rc2 36. Rf1 Ra2 37. Kc4 Rxa5 38. Kxb4 Ra6 39. Kc5 Kf8 40. b4 Rb6 41. b5 Ke8 42. Rd1 Rf6 43. Ra1 Rf5+ 44. Kc6 Rh5 45. Rxa7 Rxh2 46. Kd6 Kf8 47. b6 Rxf2 48. Ra8+ Kg7 49. b7 Rd2+ 50. Kc5 Rc2+ 51. Kd4 Rb2 52. b8Q Rxb8 53. Rxb8 h5 54. Rb1 f6 55. Ke4 g5 56. fxg5 fxg5 57. Kf5 Kh6 58. Rb6+ Kg7 59. Kxg5 1-0